| 000 | 00615nam a22001697a 4500 | ||
|---|---|---|---|
| 003 | BD-DhUL | ||
| 005 | 20170403132252.0 | ||
| 008 | 170403s1353 bg a|||| |||| 000 0 ben d | ||
| 040 |
_aBD-DhUL _cBD-DhUL |
||
| 082 |
_a050 _bMOH |
||
| 245 | 0 | 0 |
_aমাসিক মোহাম্মদী : _b১৯শ বর্ষ : ৭ম সংখ্যা, বৈশাখ- ১৩৫৩ / |
| 260 |
_aঢাকা : _bআজাদ অফিস, _c১৩৫৩। |
||
| 300 |
_a খণ্ড : _bচিত্র ; _c২৫ সেমি.। |
||
| 650 | 0 | _aসাময়িকী | |
| 650 | 0 | _aPeriodicals | |
| 942 |
_2ddc _cREF |
||
| 999 |
_c171311 _d171311 |
||